000 00647nam a2200169 a 4500
001 000045783
005 20201002052436.0
008 150512s2004 dr 000 0 spa d
040 _aDO-SdBNP
_bspa
_cBNPHU
082 _axxxx
_bxxxx
245 0 0 _aColección actos notariales :
_bActos y contratos de matrimonio, cesiones y donaciones.
260 _aSanto Domingo :
_bEdiciones Jurídicas Trajano Potentini,
_c2004.
300 _a37 p. ;
_c21 cm.
490 1 _aColección actos notariales
_v4
505 0 _aContratos de matrimonio, cesiones y donaciones --
_tActos de cesiones
_tActos de donaciones.
830 0 _aColección actos notariales.
_n4
_973866
999 _c45272
_d45272